Production of coconut charcoal briquettes in Binagonan, Rizal / (Record no. 89258)
[ view plain ]
| 000 -LEADER | |
|---|---|
| fixed length control field | 01201nam a2200253 4500 |
| 003 - CONTROL NUMBER IDENTIFIER | |
| control field | urs |
| 005 - DATE AND TIME OF LATEST TRANSACTION | |
| control field | 20260212163951.0 |
| 008 - FIXED-LENGTH DATA ELEMENTS--GENERAL INFORMATION | |
| fixed length control field | 260203b |||||||| |||| 00| 0 eng d |
| 100 ## - MAIN ENTRY--PERSONAL NAME | |
| Personal name | Mangalos, Cristine M |
| Relator term | researcher |
| 245 ## - TITLE STATEMENT | |
| Title | Production of coconut charcoal briquettes in Binagonan, Rizal / |
| Statement of responsibility, etc. | Cristine M. Mangalos, Eira Mae U. Policarpio, Joyleen C. Porlayagan, Jasmine Leih M. Silva |
| 300 ## - PHYSICAL DESCRIPTION | |
| Extent | xiv, 123 leaves |
| Other physical details | 28 cm |
| 336 ## - CONTENT TYPE | |
| Content type term | text |
| Content type code | txt |
| Source | rdacontent |
| 337 ## - MEDIA TYPE | |
| Media type term | unmediated |
| Media type code | n |
| Source | rdamedia |
| 338 ## - CARRIER TYPE | |
| Carrier type term | volume |
| Carrier type code | nc |
| Source | rdacarrier |
| 502 ## - DISSERTATION NOTE | |
| Dissertation note | Undergraduate Feasibility Study |
| Degree type | Bachelor of Science in Business Administration Major in Financial Management |
| Name of granting institution | University of Rizal System Binangonan |
| Year degree granted | 2024 |
| 504 ## - BIBLIOGRAPHY, ETC. NOTE | |
| Bibliography, etc. note | Includes bibliographical references |
| 700 ## - ADDED ENTRY--PERSONAL NAME | |
| Personal name | Policarpio, Eira Mae U. |
| Relator term | researcher |
| 700 ## - ADDED ENTRY--PERSONAL NAME | |
| Personal name | Porlayagan, Joyleen C. |
| Relator term | researcher |
| 700 ## - ADDED ENTRY--PERSONAL NAME | |
| Personal name | Silva, Jasmine Leih M. |
| Relator term | researcher |
| 700 ## - ADDED ENTRY--PERSONAL NAME | |
| Personal name | Corral, Rosechel R. |
| Relator term | adviser |
| 856 ## - ELECTRONIC LOCATION AND ACCESS | |
| Materials specified | Online Request for Student Unpublished Works |
| Uniform Resource Identifier | <a href="https://forms.gle/7LqvGGkaDrUQqz429">https://forms.gle/7LqvGGkaDrUQqz429</a> |
| 856 ## - ELECTRONIC LOCATION AND ACCESS | |
| Uniform Resource Identifier | <a href="https://drive.google.com/file/d/1IwHdqSvFzI0MgwgfQG6mfuIvSkEmnbSx/view?usp=sharing">https://drive.google.com/file/d/1IwHdqSvFzI0MgwgfQG6mfuIvSkEmnbSx/view?usp=sharing</a> |
| 942 ## - ADDED ENTRY ELEMENTS (KOHA) | |
| Source of classification or shelving scheme | Library of Congress Classification |
| Koha item type | |
| Withdrawn status | Source of classification or shelving scheme | Damaged status | Not for loan | Home library | Current library | Date acquired | Total Checkouts | Full call number | Barcode | Date last seen | Price effective from | Koha item type |
|---|---|---|---|---|---|---|---|---|---|---|---|---|
| Library of Congress Classification | Binangonan College Library | Binangonan College Library | 02/03/2026 | BSFM M3135 2024 | URSBIN-UGT3347 | 02/03/2026 | 02/03/2026 | Theses and dissertations |